Statystyki dla Kraje Na Litere Z

Kliknij tutaj aby rozwiązać quiz!

Ogólne statystyki

  • Ten quiz został rozwiązany 61 razy
  • Średni wynik to 3 z 8

Statystyki odpowiedzi

Kraje% Poprawnych
Zimbabwe
93%
Zambia
87%
Zjednoczone Emiraty Arabskie
65%
ZEA
51%
Zair
7%
Zimbwawe
2%
Zimwabwe
2%
Zimbawbe
0%

Rozkład punktacji

Percentyl według liczby udzielonych odpowiedzi

Procent ludzi z każdym wynikiem

Twoja historia wyników

Nie rozwiązałeś tego quizu